|
|
|
|
| LEADER |
00000nab a2200000 a 4500 |
| 001 |
vtls010104621 |
| 003 |
SK-MaSNL |
| 005 |
20260304220446.0 |
| 008 |
250507|2010 xo |||||||||||1|| b|slo |
| 015 |
|
|
|a SNBRB2010/06
|2 snkbucl
|
| 035 |
|
|
|a (uuid)46e50c81-c603-4393-8df5-cf36aa8d79fe
|
| 035 |
|
|
|a urn:nbn:sk:snk-ab2opp
|
| 035 |
|
|
|a (urnnbn)urn:nbn:sk:snk:ar-a02pha
|
| 038 |
|
|
|a SNKBUCL
|
| 040 |
|
|
|a SNKBUCL
|b slo
|c SNKBUCL
|e AACR2
|
| 041 |
0 |
|
|a slo
|b eng
|
| 044 |
|
|
|a xo
|c SK
|
| 080 |
|
|
|a 069.41
|2 2001
|
| 080 |
|
|
|a 069:72/76
|2 2001
|
| 100 |
1 |
|
|a Kolbiarz Chmelinová, Katarína,
|d 1975-
|4 aut
|9 217268
|
| 245 |
1 |
0 |
|a Kremnické akvizície Slovenskej národnej galérie
|c Katarína Chmelinová
|
| 300 |
|
|
|b Fotogr.
|
| 504 |
|
|
|a Biblliogr. odkazy
|
| 546 |
|
|
|a Res. angl.
|
| 610 |
2 |
7 |
|a Slovenská národná galéria
|2 snkbucl
|9 59840
|
| 650 |
0 |
7 |
|a umelecké zbierky
|2 snkbucl
|9 2982
|
| 650 |
0 |
7 |
|a doplňovanie múzejných zbierok
|2 snkbucl
|9 113038
|
| 651 |
|
7 |
|a Kremnica (Slovensko)
|2 snkbucl
|9 26188
|
| 655 |
|
7 |
|a referáty
|2 snkbucl
|9 70611
|
| 773 |
0 |
|
|t Múzeum
|g Roč. LVI, č. 1 (2010), s. 30-32
|x 0027-5263
|
| 850 |
|
|
|a Slovenská národná knižnica
|
| 852 |
|
|
|a Slovenská národná knižnica
|
| 954 |
|
|
|a odborná, vedecká literatúra pôvodná (slovenská)
|2 lita
|
| 958 |
|
|
|a article27
|
| 958 |
|
|
|a OND
|
| 958 |
|
|
|a EUIPO
|
| 999 |
|
|
|c 3152321
|d 3154251
|